<?xml version="1.0" encoding="UTF-8"?>
<record
    xmlns:xsi="http://www.w3.org/2001/XMLSchema-instance"
    xsi:schemaLocation="http://www.loc.gov/MARC21/slim http://www.loc.gov/standards/marcxml/schema/MARC21slim.xsd"
    xmlns="http://www.loc.gov/MARC21/slim">

  <leader>00929nam a2200193 a 4500</leader>
  <controlfield tag="001">000030234</controlfield>
  <controlfield tag="005">20200930060145.0</controlfield>
  <controlfield tag="008">110505s2004    dr a          000 0 spa d</controlfield>
  <datafield tag="040" ind1=" " ind2=" ">
    <subfield code="a">DO-SdBNP</subfield>
    <subfield code="b">spa</subfield>
    <subfield code="c">BNPHU</subfield>
  </datafield>
  <datafield tag="082" ind1=" " ind2=" ">
    <subfield code="a">xxx</subfield>
    <subfield code="b">A282p</subfield>
  </datafield>
  <datafield tag="245" ind1="0" ind2="1">
    <subfield code="a">Agua potable.</subfield>
  </datafield>
  <datafield tag="260" ind1=" " ind2=" ">
    <subfield code="a">Santo Domingo :</subfield>
    <subfield code="b">Oficina Nacional para los Fondos Europeos de Desarrollo (ONFED) :</subfield>
    <subfield code="b">Uni&#xF3;n Europea y Centro de Estudios Sociales Padre Juan Montalvo,</subfield>
    <subfield code="c">2004.</subfield>
    <subfield code="f">Metropolitana de Impresos y Publicaciones</subfield>
  </datafield>
  <datafield tag="300" ind1=" " ind2=" ">
    <subfield code="a">15 p. :</subfield>
    <subfield code="b">il. ;</subfield>
    <subfield code="c">24 cm.</subfield>
  </datafield>
  <datafield tag="490" ind1="1" ind2=" ">
    <subfield code="a">Mi barrio</subfield>
    <subfield code="a">cartilla educativa</subfield>
    <subfield code="v">no. 4</subfield>
  </datafield>
  <datafield tag="490" ind1="1" ind2=" ">
    <subfield code="a">Programa de cooperaci&#xF3;n descentralizada para el saneamiento ambiental de los barrios marginados de Santo Domingo</subfield>
    <subfield code="v">no. 4</subfield>
  </datafield>
  <datafield tag="830" ind1=" " ind2="0">
    <subfield code="a">Programa de Cooperaci&#xF3;n descentralizada para el saneamiento ambiental de los barrios marginados de Santo Domingo ;</subfield>
    <subfield code="v">no. 4</subfield>
    <subfield code="9">56922</subfield>
  </datafield>
  <datafield tag="830" ind1=" " ind2="0">
    <subfield code="a">Mi barrio ;</subfield>
    <subfield code="p">cartilla educativa ;</subfield>
    <subfield code="v">no. 4</subfield>
    <subfield code="9">56923</subfield>
  </datafield>
  <datafield tag="049" ind1=" " ind2=" ">
    <subfield code="a">BNPD</subfield>
  </datafield>
  <datafield tag="952" ind1=" " ind2=" ">
    <subfield code="0">0</subfield>
    <subfield code="1">0</subfield>
    <subfield code="7">1</subfield>
    <subfield code="8">PD</subfield>
    <subfield code="a">PD</subfield>
    <subfield code="b">PD</subfield>
    <subfield code="c">CT</subfield>
    <subfield code="d">2011-05-05</subfield>
    <subfield code="i">LF1</subfield>
    <subfield code="l">0</subfield>
    <subfield code="o">xxx A282p</subfield>
    <subfield code="p">30234-10</subfield>
    <subfield code="r">2020-06-25</subfield>
    <subfield code="w">2020-06-25</subfield>
    <subfield code="y">LFPD</subfield>
    <subfield code="Z">No se presta</subfield>
  </datafield>
  <datafield tag="999" ind1=" " ind2=" ">
    <subfield code="c">29726</subfield>
    <subfield code="d">29726</subfield>
  </datafield>
</record>
